El poeta asesinado (Registro nro. 68019)
[ vista simple ]
| 000 -LÍDER | |
|---|---|
| Campo fijo de descripción fija | 01481nam a2200193 i 4500 |
| 001 - NÚMERO DE CONTROL | |
| Campo de control | 768714001 |
| 003 - IDENTIFICADOR DEL NÚMERO DE CONTROL | |
| Campo de control | CO-MdFUSB |
| 005 - FECHA Y HORA DE LA ULTIMA TRANSACCIÓN | |
| control field | 20220727144711.0 |
| 008 - ELEMENTOS DE LONGITUD FIJA -- INFORMACIÓN GENERAL | |
| Campo fijo de descripción fija -- Información general | 220727t1984 ck |||| |||| 00| 0 spa d |
| 040 ## - FUENTE DE CATALOGACIÓN | |
| Idioma de catalogación | spa |
| Agencia que realiza la transcripción | CO-MdFUSB |
| Agencia que realiza la modificación | CO-MdFUSB |
| 041 ## - CÓDIGO DE IDIOMA | |
| Código de idioma para texto/pista de sonido o título separado | spa |
| 100 ## - ASIENTO PRINCIPAL--NOMBRE PERSONAL | |
| Nombre personal | Apollinaire, Guillaume, |
| Término relacionador | autor |
| 245 #3 - TÍTULO | |
| Título | El poeta asesinado |
| Mención de responsabilidad | / Guillaume Apollinaire |
| 300 ## - DESCRIPCIÓN FÍSICA | |
| Extensión | Volumen 14, (1984) páginas 213 - 278 ; |
| Dimensiones | 22 cm |
| 520 ## - NOTA DE RESUMEN, ETC. | |
| Nota de sumario, etc. | Novela del escritor francés de origen polaco Guillaume Apollinaire (1880-1918) publicada por primer vez en 1916. El poeta Croniamantal ha sido engendrado en el fugacísimo encuentro entre un músico ambulante y una chica alegre y desvergonzada. Ella consigue casarse con un barón, pero muere en el parto. El niño es educado por su propio padre y muy pronto destaca por su prodigiosa inteligencia. Croniamantal va en busca de su destino: ha alcanzado una fama excepcional como poeta y después de varios viajes por Europa vuelve a Francia cuando en todo el mundo se ha desencadenado una cruzada contra la poesía. Es degollado por una muchedumbre y honrado por la posteridad como genio, porque el mundo tortura a sus poetas y después de la muerte los eleva a la grandeza de la tradición. La sátira y el dinamismo de la vanguardia contra el estatismo clasicista. |
| 650 #7 - ASIENTO SECUNDARIO DE MATERIA - TERMINO TEMÁTICO | |
| 9 (RLIN) | 2654 |
| Término temático o nombre geográfico como elemento de entrada | Literatura francesa |
| 773 0# - ASIENTO DE ITEM FUENTE | |
| Biblionumber | 67924 |
| Itemnumber | 81153 |
| Asiento principal | Oveja Negra, |
| Otro identificador del ítem | 24703 |
| Título | Maestros de la literatura universal |
| Número de control del registro | (CO-MdFUSB)768714001 |
| International Standard Book Number | 8482806718 |
| 942 ## - TIPO DE MATERIAL (KOHA) | |
| Tipo de Item KOHA | Libros General |
No hay ítems disponibles.
